000 00278nam a22001337a 4500
008 170602b xxu||||| |||| 00| 0 eng d
020 _a9780138414795
041 _aeng
080 _a94
100 _a17
101 _aSHH
245 _aOUT OF MANY
_cMACK/J
942 _2udc
_cBK
999 _c15804
_d15804